Liberalismo y comunitarismo Derechos humanos y democracia, encuentro de Medellín (Registro nro. 22617)
[ vista simple ]
| 000 -ENCABEZADO | |
|---|---|
| Número de control [NR] | 01351nam a2200277Ia 4500 |
| 008 - DE LONGITUD FIJA DE DATOS DE ELEMENTOS - INFORMACIÓN GENERAL | |
| Elementos de longitud fija [NR] | 130821s1996 sp gr spa |
| 020 ## - NUMERO INTERNACIONAL NORMALIZADO PARA LIBROS [R] | |
| Número Internacional Normalizado del libro [NR] | 8478222065 |
| 040 ## - FUENTE DE CATALOGACION [NR] | |
| Agencia de catalogación original [NR] | Co-BoUCM |
| Idioma de catalogación [NR] | spa |
| 041 00 - CODIGO DE IDIOMA [R] | |
| Código de idioma para texto/pista de sonido o título separado [R] | Español |
| 111 ## - ASIENTO PRINCIPAL--NOMBRE DE REUNION [NR] | |
| Nombre de reunión o de jurisdicción como elemento de entrada [NR] | Seminario Internacional de Etica y Filosofía Política, Liberalismo y Comunitarismo ( |
| Fecha de la reunión [NR] | 1995 : ago. 31 - sep. 2 |
| Lugar de la reunión [NR] | Medellín) |
| 9 (RLIN) | 156788 |
| 245 10 - MENCION DE TITULO [NR] | |
| Título [NR] | Liberalismo y comunitarismo Derechos humanos y democracia, encuentro de Medellín |
| Mención de responsabilidad, etc. [NR] | Edición a cargo de Francisco Cortés Rodas ; Alfonso Monsalve Solórzano. |
| 260 ## - PUBLICACION, DISTRIBUCION, ETC. (PIE DE IMPRENTA) [R] | |
| Lugar de publicación, distribución, etc. [R] | Valencia (España) |
| Nombre del editor, distribuidor, etc. [R] | Ediciones Alforis el Magn mun |
| Fecha de publicación, distribución, etc. [R] | 1996 |
| 300 ## - DESCRIPCION FISICA [R] | |
| Extensión [R] | 333 páginas |
| 490 ## - MENCION DE SERIE [R] | |
| Mención de serie [R] | Política y Sociedad |
| Designación numérica/secuencial del volumen [NR] | 17 |
| 505 ## - NOTA DE CONTENIDO CON FORMATO PREESTABLECIDO [R] | |
| Nota de contenido con formato preestablecido [NR] | Liberalismo y comunitarismo. -- Liberalismo y derechos humanos. -- Liberalismo y democracia. |
| 600 14 - ASIENTO SECUNDARIO DE MATERIA - NOMBRE PERSONAL [R] | |
| Nombre personal [NR] | Rawls, John |
| Fechas asociadas con el nombre [NR] | 1921-2002 |
| Subdivisión general [R] | Crítica e interpretación, etc. |
| 9 (RLIN) | 156789 |
| 650 04 - ASIENTO SECUNDARIO DE MATERIA - TERMINO TEMATICO [R] | |
| Término temático o nombre geográfico como elemento de entrada [NR] | Ciencia política |
| 9 (RLIN) | 340 |
| 650 04 - ASIENTO SECUNDARIO DE MATERIA - TERMINO TEMATICO [R] | |
| Término temático o nombre geográfico como elemento de entrada [NR] | Ciencia política |
| Subdivisión de forma [R] | Ensayos, conferencias, etc. |
| 9 (RLIN) | 340 |
| 650 04 - ASIENTO SECUNDARIO DE MATERIA - TERMINO TEMATICO [R] | |
| Término temático o nombre geográfico como elemento de entrada [NR] | Democracia |
| Subdivisión de forma [R] | Ensayos, conferencias, etc. |
| 9 (RLIN) | 12617 |
| 650 04 - ASIENTO SECUNDARIO DE MATERIA - TERMINO TEMATICO [R] | |
| Término temático o nombre geográfico como elemento de entrada [NR] | Derechos humanos |
| Subdivisión de forma [R] | Ensayos, conferencias, etc. |
| 9 (RLIN) | 7499 |
| 650 04 - ASIENTO SECUNDARIO DE MATERIA - TERMINO TEMATICO [R] | |
| Término temático o nombre geográfico como elemento de entrada [NR] | Liberalismo |
| Subdivisión de forma [R] | Ensayos, conferencias, etc. |
| 9 (RLIN) | 33902 |
| 700 1# - ASIENTO SECUNDARIO - NOMBRE PERSONAL [R] | |
| Nombre personal [NR] | Cortés Rodas, Francisco |
| Término de relación [R] | |
| 9 (RLIN) | 50626 |
| 700 1# - ASIENTO SECUNDARIO - NOMBRE PERSONAL [R] | |
| Nombre personal [NR] | Monsalve Solórzano, Alfonso |
| Término de relación [R] | |
| 9 (RLIN) | 137754 |
| 942 ## - ELEMENTOS DE ENTRADA AGREGADOS (KOHA) | |
| Tipo de ítem principal el descrito en 300a | Libro |
| Tema principal | Ciencia política |
| Edición | 1 |
| Parte restante de la signatura top. | S471l |
| Sistema de clasificación | DEWEY |
| Clasificación | 320.51 |
| Fecha de último préstamo | Total préstamos | Total Renewals | Signatura topográfica | Código de barras | Última vez visto | Ejemplar | Price effective from | Tipo de ítem | Perdido | Sistema de clasificación | Dañado | No prestable | Tipo de ítem específico | Suprimido | Ubicación habitual | Ubicación actual | Localización | Fecha de creación | Forma de adquisición | Costo |
|---|---|---|---|---|---|---|---|---|---|---|---|---|---|---|---|---|---|---|---|---|
| 28/03/2017 | 48 | 3 | 320.51 S471l | 100044043 | 09/06/2026 | Ej.1 | 03/02/2013 | Libro | DEWEY | Libro | Claustro | Claustro | 3er piso | 28/02/2003 | 5000.00 |